Climate, water and agriculture in the tropics / (Record no. 254)

MARC details
000 -LEADER
fixed length control field 00980nam a22002417a 4500
001 - CONTROL NUMBER
control field BD-DhSAU 254
003 - CONTROL NUMBER IDENTIFIER
control field BD-DhSAU
005 - DATE AND TIME OF LATEST TRANSACTION
control field 20140828113627.0
008 - FIXED-LENGTH DATA ELEMENTS--GENERAL INFORMATION
fixed length control field 140827b -uka|||| |||| 001 0 eng d
020 ## - INTERNATIONAL STANDARD BOOK NUMBER
International Standard Book Number 0582407060
040 ## - CATALOGING SOURCE
Transcribing agency BD-DhSAU
082 ## - DEWEY DECIMAL CLASSIFICATION NUMBER
Edition number 22
Classification number 551.6/ JAC
245 ## - TITLE STATEMENT
Title Climate, water and agriculture in the tropics/
Statement of responsibility, etc. I. J. Jackson [ed.]
260 ## - PUBLICATION, DISTRIBUTION, ETC. (IMPRINT)
Place of publication, distribution, etc. London, Great Britain :
Name of publisher, distributor, etc. Longman Group Limited ;
Date of publication, distribution, etc. 1982.
300 ## - PHYSICAL DESCRIPTION
Extent xii, 248 p. :
Other physical details ill, ;
Dimensions 22 cm.
504 ## - BIBLIOGRAPHY, ETC. NOTE
Bibliography, etc Includes indexes.
650 ## - SUBJECT ADDED ENTRY--TOPICAL TERM
Topical term or geographic name as entry element Tropics
General subdivision Climate.
650 ## - SUBJECT ADDED ENTRY--TOPICAL TERM
Topical term or geographic name as entry element Plant-water relationships.
General subdivision Tropics.
650 ## - SUBJECT ADDED ENTRY--TOPICAL TERM
Topical term or geographic name as entry element Water in agriculture
General subdivision Tropics
700 ## - ADDED ENTRY--PERSONAL NAME
Personal name Jackson, I. J.
856 ## - ELECTRONIC LOCATION AND ACCESS
Uniform Resource Identifier <a href="http://books.google.com.bd/books?id=bG7LXwAACAAJ&dq=Climate,+water+and+agricultural+in+the+tropics&hl=en&sa=X&ei=QbL9U4SNJ8qfugT7noGgAw&ved=0CBwQ6AEwAA">http://books.google.com.bd/books?id=bG7LXwAACAAJ&dq=Climate,+water+and+agricultural+in+the+tropics&hl=en&sa=X&ei=QbL9U4SNJ8qfugT7noGgAw&ved=0CBwQ6AEwAA</a>
856 ## - ELECTRONIC LOCATION AND ACCESS
Uniform Resource Identifier <a href="http://catalog.loc.gov/vwebv/holdingsInfo?searchId=688&recCount=25&recPointer=0&bibId=1951401">http://catalog.loc.gov/vwebv/holdingsInfo?searchId=688&recCount=25&recPointer=0&bibId=1951401</a>
942 ## - ADDED ENTRY ELEMENTS (KOHA)
Source of classification or shelving scheme Dewey Decimal Classification
Koha item type Book
Holdings
Withdrawn status Lost status Source of classification or shelving scheme Damaged status Not for loan Home library Branch Name Date acquired Total Checkouts Full call number Barcode Date last seen Price effective from Koha item type Collection code Shelving location
    Dewey Decimal Classification     SAU Library SAU Library 27/08/2014   551.6/ JAC 12375 27/08/2014 27/08/2014 Book    
    Dewey Decimal Classification     SAU Library SAU Library 28/08/2014   551.6/ JAC 12377 28/08/2014 28/08/2014 Book    
    Dewey Decimal Classification     SAU Library SAU Library 28/08/2014   551.6/ JAC 12376 28/08/2014 28/08/2014 Book    
    Dewey Decimal Classification   Not For Loan SAU Library SAU Library 28/01/1989   551.6/ JAC 12374 20/05/2015 20/05/2015 Book Reference Reference